[Event "ISL-chT2 2122"]
[Site "Reykjavik"]
[Date "2022.03.05"]
[Round "6.4"]
[White "Moller, Baldur Helgi"]
[Black "Gudmundsson, Kristjan"]
[Result "1/2-1/2"]
[WhiteElo "1968"]
[BlackElo "2234"]
[PlyCount "87"]
[EventDate "2021.10.01"]
[EventType "team-tourn"]
[EventRounds "7"]
[EventCountry "ISL"]
[SourceTitle "EXT 2024"]
[Source "ChessBase"]
[SourceDate "2023.10.10"]
[SourceVersion "1"]
[SourceVersionDate "2023.10.10"]
[SourceQuality "1"]
[WhiteTeam "Gardabaer III"]
[BlackTeam "Vestmannaeyja"]
[WhiteTeamCountry "ISL"]
[BlackTeamCountry "ISL"]

1. c4 Nf6 2. g3 g6 3. Bg2 Bg7 4. Nc3 0-0 5. e4 d6 6. Nge2 c5 7. 0-0 Nc6 8. d3 Ne8 9. Be3 Nc7 10. d4 cxd4 11. Nxd4 Nxd4 12. Bxd4 Bxd4 13. Qxd4 Ne6 14. Qe3 Re8 15. f4 Qa5 16. Nd5 Nc7 17. Rfc1 Bd7 18. b3 Nxd5 19. exd5 Qc5 20. Kf2 b6 21. Re1 Rac8 22. Qxc5 Rxc5 23. a4 Kf8 24. Bf1 Bf5 25. b4 Rc7 26. b5 e6 27. dxe6 Bxe6 28. Red1 Ke7 29. Rd4 Rec8 30. Re1 Kf8 31. Rxd6 Bxc4 32. Bxc4 Rxc4 33. Rd7 R8c7 34. Rxc7 Rxc7 35. Re4 Rc2+ 36. Kg1 f5 37. Rd4 Ke7 38. Kh1 Ke6 39. Kg1 h6 40. h3 g5 41. g4 Ra2 42. fxg5 hxg5 43. gxf5+ Kxf5 44. Rc4 1/2-1/2

[Event "Gardabaer Skakthing op"]
[Site "Gardabaer"]
[Date "2016.11.21"]
[Round "6"]
[White "Baldvinsson, Loftur"]
[Black "Moller, Baldur Helgi"]
[Result "0-1"]
[WhiteElo "1961"]
[BlackElo "2048"]
[PlyCount "78"]
[EventDate "2016.10.17"]
[EventType "swiss"]
[EventRounds "7"]
[EventCountry "ISL"]
[SourceTitle "EXT 2018"]
[Source "ChessBase"]
[SourceDate "2017.10.13"]
[SourceVersion "1"]
[SourceVersionDate "2017.10.13"]
[SourceQuality "1"]

1. e4 c6 2. Nc3 d5 3. Nf3 Nf6 4. e5 Ne4 5. Qe2 Nxc3 6. dxc3 b6 7. Bg5 Qc7 8. Qe3 e6 9. Bd3 Nd7 10. Bh4 h6 11. g4 Bc5 12. Qe2 g6 13. Bg3 Bb7 14. Nd4 Bxd4 15. cxd4 c5 16. c3 h5 17. f4 hxg4 18. Qxg4 0-0-0 19. 0-0 Rdg8 20. Rfc1 Nb8 21. Qe2 c4 22. Bc2 Nc6 23. b3 Ba6 24. a4 Ne7 25. a5 Kb7 26. axb6 axb6 27. Rxa6 Kxa6 28. bxc4 dxc4 29. Be4 Nd5 30. Qb2 Qc6 31. Qa2+ Kb7 32. Rb1 Ra8 33. Qb2 Ra4 34. Qg2 Rha8 35. Qf1 R8a5 36. Bc2 Ra2 37. Be4 Rb5 38. Bh4 Rxb1 39. Bxb1 Ne3 0-1

[Event "Gardabaer Skakthing op"]
[Site "Gardabaer"]
[Date "2016.10.31"]
[Round "3"]
[White "Moller, Baldur Helgi"]
[Black "Sigurdsson, Pall"]
[Result "0-1"]
[WhiteElo "2048"]
[BlackElo "1931"]
[PlyCount "70"]
[EventDate "2016.10.17"]
[EventType "swiss"]
[EventRounds "7"]
[EventCountry "ISL"]
[SourceTitle "EXT 2018"]
[Source "ChessBase"]
[SourceDate "2017.10.13"]
[SourceVersion "1"]
[SourceVersionDate "2017.10.13"]
[SourceQuality "1"]

1. c4 c5 2. g3 e6 3. Nf3 Nc6 4. d4 d5 5. cxd5 exd5 6. Bg2 Nf6 7. 0-0 Be7 8. Nc3 0-0 9. h3 Bf5 10. Be3 c4 11. Ne5 Bb4 12. g4 Be6 13. f4 Bxc3 14. bxc3 Ne4 15. f5 Bc8 16. Qc2 Re8 17. Bxe4 f6 18. Nxc6 bxc6 19. Bxd5+ Qxd5 20. Bf4 Bb7 21. e3 c5 22. Kh2 Re4 23. dxc5 Rae8 24. Rad1 Qxc5 25. Rd4 Rxd4 26. cxd4 Qd5 27. Rg1 h6 28. h4 Kh8 29. g5 hxg5 30. hxg5 Qf3 31. gxf6 gxf6 32. Qd1 Qf2+ 33. Kh3 Re7 34. Qh5+ Rh7 35. Bh6 Qxg1 0-1

[Event "Gardabaer Skakthing op"]
[Site "Gardabaer"]
[Date "2016.10.17"]
[Round "1"]
[White "Lemery, Jon Thor"]
[Black "Moller, Baldur Helgi"]
[Result "1/2-1/2"]
[WhiteElo "1591"]
[BlackElo "2048"]
[PlyCount "85"]
[EventDate "2016.10.17"]
[EventType "swiss"]
[EventRounds "7"]
[EventCountry "ISL"]
[SourceTitle "EXT 2018"]
[Source "ChessBase"]
[SourceDate "2017.10.13"]
[SourceVersion "1"]
[SourceVersionDate "2017.10.13"]
[SourceQuality "1"]

1. e4 c6 2. d4 d5 3. e5 Bf5 4. g4 Be4 5. f3 Bg6 6. h4 h6 7. h5 Bh7 8. e6 fxe6 9. Bd3 Bxd3 10. Qxd3 Qd6 11. Qg6+ Kd8 12. Ne2 e5 13. dxe5 Qxe5 14. Nbc3 Nd7 15. Qf7 Qf6 16. Qxf6 Ngxf6 17. Nf4 e5 18. Ng6 Rg8 19. Bd2 Bd6 20. 0-0-0 Kc7 21. Ne2 Rae8 22. g5 hxg5 23. Bxg5 Nf8 24. Ng3 Nxg6 25. hxg6 Re6 26. Nf5 Bc5 27. c3 Nd7 28. Nh4 Nf8 29. b4 Bd6 30. Nf5 Nxg6 31. Rh7 Nf8 32. Rxg7+ Rxg7 33. Nxg7 Rg6 34. Ne8+ Kd7 35. Nxd6 Kxd6 36. Be3 b6 37. f4 e4 38. c4 Ke6 39. c5 b5 40. f5+ Kxf5 41. Rf1+ Ke5 42. Rxf8 Rg2 43. Re8+ 1/2-1/2

[Event "ISL-chT2 1617"]
[Site "Reykjavik"]
[Date "2016.10.01"]
[Round "2.3"]
[White "Moller, Baldur Helgi"]
[Black "Hardarson, Marteinn Thor"]
[Result "1-0"]
[WhiteElo "2048"]
[BlackElo "1827"]
[PlyCount "55"]
[EventDate "2016.09.30"]
[EventType "team-tourn"]
[EventRounds "7"]
[EventCountry "ISL"]
[SourceTitle "EXT 2018"]
[Source "ChessBase"]
[SourceDate "2017.10.13"]
[SourceVersion "1"]
[SourceVersionDate "2017.10.13"]
[SourceQuality "1"]
[WhiteTeam "Gardabaer"]
[BlackTeam "Vinaskakfelagid"]
[WhiteTeamCountry "ISL"]
[BlackTeamCountry "ISL"]

1. c4 c6 2. Nf3 d5 3. b3 Nf6 4. e3 Bg4 5. Be2 Nbd7 6. d4 Bxf3 7. Bxf3 dxc4 8. bxc4 e5 9. 0-0 e4 10. Be2 Bd6 11. Nd2 Qc7 12. f4 c5 13. Bb2 cxd4 14. Bxd4 Bc5 15. Qc2 Bxd4 16. exd4 Qd6 17. Nb3 0-0 18. g3 b6 19. Rfd1 Rac8 20. Rac1 h5 21. Qd2 Rfe8 22. c5 bxc5 23. dxc5 Qe7 24. Qa5 Nb8 25. Nd4 Red8 26. c6 Rc7 27. Nf5 Rxd1+ 28. Rxd1 1-0